| 000 | 00508nam a2200193Ia 4500 | ||
|---|---|---|---|
| 005 | 20240823062312.0 | ||
| 008 | 240823s9999||||xx |||||||||||||| ||und|| | ||
| 020 | _a978-93-332-1736-1 | ||
| 041 | _aENGLISH | ||
| 082 | _A621.38154 Q4 | ||
| 100 | _aBakshi U A and Bakshi V U | ||
| 245 | 0 | _aBasic Electrical and Instrumentation Engineering | |
| 250 | _a2nd | ||
| 260 |
_c2014 _bTechnical Publica |
||
| 500 | _aYES | ||
| 650 |
_aElectrical &Instrumentation _bElectrical |
||
| 942 | _cBK | ||
| 999 |
_c235555 _d235555 |
||